Регионална библиотека "Любен Каравелов" - Русе

Не пипай тази книга! (Запис номер 75541)

MARC детайли
000 -Лидер
Лидер 02217nam a2200397 c 4500
003 - Код на организацията, давaща контролен номер
Код на организацията, даваща контролен номер BLK
005 - Дата и час на последна редакция
Дата и час на последна редакция 20250627105946.0
008 - Елементи от данни с фиксирана дължина
Елементи с фиксирана дължина 180408b bul|||||r ||||||| ||bul||
020 ## - Международен стандартен номер на книга ISBN
ISBN 9789549994674
040 ## - Източник на каталожния запис
Код на библиотеката BLK
041 ## - Код за език
Език Български
Език за КДБФ Български
080 ## - УДК
УДК текст Разпространяване на научните знания - популяризиране на науката, занимателна наука, учение за явленията научно необяснени, заблуждения и фалшификации, илюзии и др. п., секретност на научните знания
УДК код 001.9
УДК – определител (02.062)
УДК – код + определител 001.9(02.062)
080 ## - УДК
УДК текст Индивидуална психология. Психология на личността. Индивидуалност. Психология на характера. Характерология. Психологическа типология
УДК код 159.923
УДК – определител (02.062)
УДК – код + определител 159.923(02.062)
084 ## - Класификационен индекс по друга класификация
Авторски знак Хел - Х 40
100 1# - Редна дума - Автор
Автор Хелсинг, Ян ван
R(LIN) 136727
245 10 - Сведения за заглавието
Заглавие Не пипай тази книга!
Авторска отговорност Ян ван Хелсинг; прев. Светослав К. Коев; * Ян Удо Холей.
257 ## - Страна на издаване
Страна на създаване/издаване Германия
260 ## - Област на издателските данни
Място на издаване София
Име на издателя Дилок
Година на издаване 2007
300 ## - Физическа характеристика
Брой страници 357 с.
Илюстрации с ил.
Размер 22 см
380 ## - Жанр
Жанр Общ отдел
500 ## - Общи забележки
Обща забележка Ориг. загл. Hande weg von diesem Buch! / Jan van Helsing. - Истинското име на авт. е Ян Удо Холей. - Офс. изд. - Библиогр. с. 351-353.
650 #4 - Допълнително описание по предмет – тема
Предметна рубрика Неразгадани мистерии
9 (RLIN) 164181
650 #4 - Допълнително описание по предмет – тема
Предметна рубрика Личност - психология
9 (RLIN) 243160
653 ## - Ключова дума – ненормативна
Ключови думи мистерии
653 ## - Ключова дума – ненормативна
Ключови думи хипотези
653 ## - Ключова дума – ненормативна
Ключови думи психология на личността
700 1# - Други автори (авторска отговорност)
Друг автор Коев, Светослав К.
Авт. отговорност на др. автор прев.
9 (RLIN) 297469
700 1# - Други автори (авторска отговорност)
Друг автор Холей, Ян Удо
Авт. отговорност на др. автор *
9 (RLIN) 297470
852 ## - Местоположение
Сигнатура (форматна) Цб 237421
Отдел Хранилище
852 ## - Местоположение
Отдел Заемна - подръчен фонд
Систематично-азбучна сигнатура 001.9/Х 40 Я
942 ## - АРТИКУЛИ
Вид на библиотечния документ Книги
Скрит в OPAC Не
Koha issues (borrowed), all copies 53
944 ## - СЪЗДАВАНЕ И РЕДАКЦИЯ на ЗАПИСА
Създаване/Редакция Създаване
Дата на регистрацията/редакция 07.12.2007
Номер на служител Цветелина Шанова
Служител, извършил регистрацията/редакцията 30531
944 ## - СЪЗДАВАНЕ И РЕДАКЦИЯ на ЗАПИСА
Създаване/Редакция Редакция
Дата на регистрацията/редакция 25.05.2015
Номер на служител ф /
Служител, извършил регистрацията/редакцията Людмила_Стоянова
944 ## - СЪЗДАВАНЕ И РЕДАКЦИЯ на ЗАПИСА
Създаване/Редакция Редакция
Дата на регистрацията/редакция 2025-06-02
Служител, извършил регистрацията/редакцията М.Я.
999 ## - СИСТЕМНИ КОНТРОЛНИ НОМЕРА
Koha biblionumber 75541
Koha biblioitemnumber 75541
Наличности
Код за отписване Код за изгубен артикул Източник на класификационната схема Код за повреда Коз за рестрикции Код за отдаване Артикулен № Име на библиотеката - собственик Име на библиотеката, в която се намира в момента Статус (Текущо местоположение) Дата на вписване в системата Местоположение - отдел Цена в лева Инвентарен номер Систематично азбучна сигнатура Баркод Номер на екземпляра Цена в евро Служебна бележка Служебен тип на артикула
Изтеглен Не е изгубен Universal Decimal Classification Не е повреден без рестрикции заемане за дома 122673 Регионална библиотека "Любен Каравелов" Русе Регионална библиотека "Любен Каравелов" Русе Заемна - подръчен фонд 2007-12-07 Заемна - подръчен фонд 15.00 120000720906 П 001.9/Х 40 120000720906 1 7.67 Дост: Pk Вид: Ф N: 150 Дата: 05.12.2007 Дата инв: 14.02.2018 Бележки инв: П2018 Книги
Изтеглен Не е изгубен   Не е повреден без рестрикции заемане за дома 122674 Регионална библиотека "Любен Каравелов" Русе Регионална библиотека "Любен Каравелов" Русе Заемна - подръчен фонд 2008-04-08 Заемна - подръчен фонд 15.00 120000725316 П 001.9/Х 40 120000725316 2 7.67 Дост: Pk Вид: Ф N: 2106 Дата: 03.04.2008 Дата инв: 24.02.2018 Бележки инв: П2018 Книги
Изтеглен Не е изгубен   Не е повреден без рестрикции заемане за дома 122675 Регионална библиотека "Любен Каравелов" Русе Регионална библиотека "Любен Каравелов" Русе Заемна - подръчен фонд 2008-12-02 Заемна - подръчен фонд 15.00 120000731815 П 001.9/Х 40 120000731815 3 7.67 Дост: Pk Вид: Ф N: 268 Дата: 02.12.2008 Дата инв: 02.03.2018 Бележки инв: П2018 Книги
  Не е изгубен   Не е повреден без рестрикции ползва се в читалня 122676 Регионална библиотека "Любен Каравелов" Русе Регионална библиотека "Любен Каравелов" Русе Хранилище 2013-03-20 Хранилище 16.00 120000765219 Цб 237421 120000765219 4 8.18 Дост: Dp Вид: Д N: 48 Дата: 21.11.2011 Книги
Изтеглен Не е изгубен Universal Decimal Classification Не е повреден без рестрикции заемане за дома 122677 Регионална библиотека "Любен Каравелов" Русе Регионална библиотека "Любен Каравелов" Русе Заемна - подръчен фонд 2013-04-05 Заемна - подръчен фонд 16.00 120000765576 П 001.9/Х 40 120000765576 5 8.18 Дост: DA Вид: А N: 4 Дата: 05.04.2013 Книги
  Не е изгубен Universal Decimal Classification Не е повреден   заемане за дома 950012 Регионална библиотека "Любен Каравелов" Русе Регионална библиотека "Любен Каравелов" Русе Заемна - подръчен фонд 2024-09-30 Заемна - подръчен фонд 16.00 120000913370 001.9/Х 40 Я 120000913370   8.18   Книги
  Не е изгубен Universal Decimal Classification Не е повреден   заемане за дома 974714 Регионална библиотека "Любен Каравелов" Русе Регионална библиотека "Любен Каравелов" Русе Заемна - подръчен фонд 2025-06-04 Заемна - подръчен фонд 15.00 120000920090 001.9/Х 40 Я 120000920090   7.67   Книги
Vip Innovations Ltd, Rousse, Bulgaria 2025